Galleria Estense di Modena (La) (Record no. 77079)

MARC details
000 -LEADER
fixed length control field 02248nam a2200277Ia 4500
001 - CONTROL NUMBER
control field K0706
003 - CONTROL NUMBER IDENTIFIER
control field IT-RoPAU
008 - FIXED-LENGTH DATA ELEMENTS--GENERAL INFORMATION
fixed length control field 130308s9999 xx 000 0 und d
040 ## - CATALOGING SOURCE
Original cataloging agency IT-RoPAU
040 ## - CATALOGING SOURCE
Transcribing agency IT-RoPAU
041 ## - LANGUAGE CODE
Language code of text/sound track or separate title ITALIANO
100 ## - MAIN ENTRY--PERSONAL NAME
Personal name Ghidiglia Quintavalle Augusta
100 ## - MAIN ENTRY--PERSONAL NAME
Miscellaneous information Codice Aut. SPICS: 59837
245 ## - TITLE STATEMENT
Title Galleria Estense di Modena (La)
245 ## - TITLE STATEMENT
Remainder of title Galleria Estense di Modena (La)
250 ## - EDITION STATEMENT
Edition statement 1a ed.
260 ## - PUBLICATION, DISTRIBUTION, ETC. (IMPRINT)
Name of publisher, distributor, etc. s.e. (senza Editrice o non identificata)
260 ## - PUBLICATION, DISTRIBUTION, ETC. (IMPRINT)
Date of publication, distribution, etc. 1959 [1° Ed.:1959 - Ed.Ling.Originale:1959]
300 ## - PHYSICAL DESCRIPTION
Extent "144 p. (prefazione: no ; testo: 144 [pagine: 0-0])"
500 ## - GENERAL NOTE
General note "Vicende della Galleria Estense e Ordinamento Attuale. presentazione delle 62 Illustrazione a Colori e in bianco e Nero di Autori vari tra I Quali: maestro di Artu; Barnaba da Modena; Simone di Filippo di Benvenuto Detto Simone dei Crocifissi; Giovanni di Paolo; maestro dei Cassoni Jarves; Bertoldo di Giovanni; Agnolo e Bartolomeo degli Erri; Cristoforo Canozzi da Lendinara; Cosme' Tura; Bartolomeo Bonascia; Niccolo' dell'Arca; Bernardo Parentino o Parenzano; Bartolomeo Montagna; Gerolamo Mocetto; Boccaccio Boccaccino; Giovanni Maria Padovano Detto Mosca; Francesco Zaganelli; Francesco Bianchi Ferrari; Marco Meloni; Antonio Allegri Detto Correggio; Francesco Mazzola Detto Parmigianino; Gerolamo Bedoli; Michelangelo Anselmi; Gaspare Pagani; Antonio Begarelli; Niccolo' dell'Abate; Lelio Orsi; Bartolomeo Schedoni; Giovan Battista Luteri Detto dosso Dossi; Benvenuto Tisi Detto Garofalo; Gerolamo da Carpi; Francesco Xanto Avelli da Rovigo; Jean le Pot; Giulio Marescotti; Paolo Caliari Detto Veronese; Jacopo da Ponte Detto Bassano; Jacopo Robusti Detto Tintoretto; El Greco; Gerolamo Campagna; Lodovico Carracci; Ippolito Scarsella Detto Scarsellino; Carlo Bonone; Giacomo Cavedoni; Alessandro Tiarini; Guercino; Andrea Donducci Detto Mastelletta; Francesco del Cairo; Carlo Cignani; Francesco Vellani; Francesco Duquesnoy Detto Fiammingo... "
650 ## - SUBJECT ADDED ENTRY--TOPICAL TERM
Topical term or geographic name as entry element SAGGI SULLE ARTI VISIVE
650 ## - SUBJECT ADDED ENTRY--TOPICAL TERM
Relator term Codice materia Spics: 5011
942 ## - ADDED ENTRY ELEMENTS (KOHA)
Koha item type LIBRO
957 ## -
-- 1
999 ## - SYSTEM CONTROL NUMBERS (KOHA)
-- 1
Holdings
Withdrawn status Lost status Damaged status Not for loan Home library Current library Date acquired Total Checkouts Full call number Date last seen Price effective from Koha item type Public note
    Buone Condizioni Not For Loan SPICS-MEDIATECA SPICS-MEDIATECA 08/03/2013   K0706 08/03/2013 08/03/2013 LIBRO Progressivo inserimento: 22473 / N. Volumi: 1 Copie: 1 / data import: 1 marzo 2013 - By Epidotti, Trombetti, Vaglietti.
CREDITS: SOCIETA' SAN PAOLO Via A.Severo, 58 - ROMA (RM) & PERIODICI SAN PAOLO SRL Via Giotto, 36 MILANO & CISF Via Giotto, 36 MILANO & EDIZIONI SAN PAOLO SRL,  Piazza Soncino, 5 CINISELLO BALSAMO (MI) -- ITALY